|
|
|
|
| LEADER |
02097nam a2200421 i 4500 |
| 001 |
EBC2030602 |
| 003 |
MiAaPQ |
| 005 |
20200520144314.0 |
| 006 |
m o d | |
| 007 |
cr cnu|||||||| |
| 008 |
150422t20152015enka ob 000 0 eng d |
| 020 |
|
|
|z 9781784415211
|
| 020 |
|
|
|a 9781784415228
|q (electronic bk.)
|
| 035 |
|
|
|a (MiAaPQ)EBC2030602
|
| 035 |
|
|
|a (Au-PeEL)EBL2030602
|
| 035 |
|
|
|a (CaPaEBR)ebr11043436
|
| 035 |
|
|
|a (OCoLC)909899898
|
| 040 |
|
|
|a MiAaPQ
|b eng
|e rda
|e pn
|c MiAaPQ
|d MiAaPQ
|
| 050 |
|
4 |
|a TS155.6
|b .R375 2015
|
| 082 |
0 |
|
|a 670.427
|2 23
|
| 245 |
0 |
0 |
|a Rapid prototyping journal :
|b the international additive journal manufacturing for and research 3D on printing : 2014 SFF symposium.
|
| 264 |
|
1 |
|a [Bradford, England] :
|b Emerald :
|b Rapid Prototyping Journal is published in association with GARPA,
|c [2015]
|
| 264 |
|
4 |
|c [2015]
|
| 300 |
|
|
|a 1 online resource (101 pages) :
|b illustrations, tables, graphs.
|
| 336 |
|
|
|a text
|2 rdacontent
|
| 337 |
|
|
|a computer
|2 rdamedia
|
| 338 |
|
|
|a online resource
|2 rdacarrier
|
| 490 |
0 |
|
|a Rapid Prototyping Journal,
|x 1355-2546 ;
|v Volume 21, Number 2
|
| 504 |
|
|
|a Includes bibliographical references at the end of each chapters.
|
| 588 |
|
|
|a Description based on online resource; title from PDF cover (ebrary, viewed April 22, 2015).
|
| 590 |
|
|
|a Electronic reproduction. Ann Arbor, MI : ProQuest, 2015. Available via World Wide Web. Access may be limited to ProQuest affiliated libraries.
|
| 650 |
|
0 |
|a Rapid prototyping
|v Congresses.
|
| 650 |
|
0 |
|a Systems engineering.
|
| 650 |
|
0 |
|a Computer simulation.
|
| 655 |
|
4 |
|a Electronic books.
|
| 776 |
0 |
8 |
|i Print version:
|t Rapid prototyping journal : the international additive journal manufacturing for and research 3D on printing : 2014 SFF symposium.
|d [Bradford, England] : Emerald : Rapid Prototyping Journal is published in association with GARPA, c[2015]
|h 227 pages
|k Rapid Prototyping Journal ; Volume 21, Number 2
|z 9781784415211
|
| 797 |
2 |
|
|a ProQuest (Firm)
|
| 856 |
4 |
0 |
|u https://ebookcentral.proquest.com/lib/matrademy/detail.action?docID=2030602
|z Click to View
|